=LDR 00000nam 2200000 4500 =001 INLIS000000000030470 =005 20130612132619 =008 ***********************************Ind** =035 ##$$0010-061300000030470 =041 ##$$a Ind =090 ##$$a 631.583, Wid g =100 ##$$a Widyastuti, Yustina Erna =245 ##$$a Greensouse rumah untuk tanaman, Yustina Erna Widyastuti =260 ##$$a 1993 $b Jakarta =850 ##$$a NBPNMAT =990 ##$$a 87748774 =990 ##$$a 01201708774